000 00762nam a2200217Ii 4500
003 JO-AjNU
008 230605s9999||||xx |||||||||||||| ||und||
017 _a1990/832
040 _aJO-AjNU
_bara
_erda
_cJO-AjNU
041 _aara
050 1 4 _aB49 .N8722 1990
100 3 _aالنوره جي،احمد خورشيد,
_eauthor
_916147
245 0 0 _aمفاهيم في الفلسفة والاجتماع
250 _aط1
264 3 1 _aبغداد:دار الفنون الثقافية العامة ،1990
300 _a304ص
336 _atext
_btxt
_2rdacontent
337 _aunmediated
_bn
_2rdamedia
338 _avolume
_bnc
_2rdacarrier
650 4 _aالفلسفة -معاجم -الفلسفة -مصطلحات -علم الاجتماع- مصطلحات
_916148
999 _aA4721
_c8289
_d8289